000 00363nam a22001457a 4500
005 20260311095236.0
008 260311b |||||||| |||| 00| 0 eng d
020 _a9781473647602
050 _aPS3603.H34
_b.C43
100 _aChambers, Becky
245 _aRecord of a space born few
260 _aLondon
_bHodder & Stoughton
_c2018
300 _a359p.
942 _cBK
999 _c4615
_d4615